Historia del municipio de Tenarez / (Registro nro. 13457)
[ vista simple ]
| 000 -LIDER | |
|---|---|
| fixed length control field | 00942nam a22002657a 4500 |
| 003 - IDENTIFICACDOR DE NÚMERO DE CONTROL | |
| control field | DO-SdBNP |
| 005 - DATE AND TIME OF LATEST TRANSACTION | |
| control field | 20210506090023.0 |
| 008 - ELEMENTOS DE LONGITUD FIJA | |
| fixed length control field | 210226b2013 dr | 0 spa d |
| 020 ## - ISBN | |
| International Standard Book Number | 9789945890105 |
| 040 ## - FUENTE DE CATALOGACIÓN | |
| Agencia que crea de manera original el registro | BPMSU |
| Idioma de catalogación | spa |
| Agencia que realiza la transcripción | BPMSU |
| 082 ## - NÚMERO DE CLASIFICACIÓN DECIMAL DE DEWEY | |
| Classification number | 972.93697 |
| Item number | G113h |
| Edition number | 22 |
| 100 1# - ASIENTO PRINCIPAL -- NOMBRE PERSONAL | |
| Nombre personal | Gabino Concepción, Andrés |
| 245 10 - MENCIÓN DE TITULO | |
| Título | Historia del municipio de Tenarez / |
| Mención de responsabilidad | Andrés Gabino Concepción (Tite) ; prólogo Pedro Carreras Aguilera |
| Subtítulo | |
| 250 ## - MENCIÓN DE EDICION | |
| Mención de edición | 2a.ed. aum.y corr. |
| Mención de responsabilidad relacionada con la edición | |
| 260 ## - PUBLICACIÓN, DISTRIBUCIÓN, ETC. (PIE DE IMPRENTA) | |
| Lugar de publicación, distribución, etc | Santo Domingo : |
| Nombre del editor, distribuidor, etc. | Búho, |
| Fecha de publicación, distribución, etc | 2013 |
| 300 ## - DESCRIPCIÓN FÍSICA | |
| Extensión | 203 p.; |
| Dimensiones | 23 cm. |
| Otros detalles físicos | |
| 500 ## - NOTA GENERAL | |
| Nota general | Incluye datos biográficos del autor en las solapas |
| 590 ## - NOTA LOCAL | |
| Enlace | Inventariado, 2021/VM |
| 650 #4 - ENCABEZAMIENTO DE MATERIA--TEMÁTICO | |
| Término temático o nombre geográfico como elemento de entrada | Ciudades y pueblos |
| Subdivisión geográfica | República dominicana |
| 651 #4 - ENCABEZAMIENTO DE MATERIA--NOMBRE GEOGRÁFICO | |
| Nombre geográfico | Tenares (República Dominicana |
| Subdivisión temática general | Historia Local |
| 651 #4 - ENCABEZAMIENTO DE MATERIA--NOMBRE GEOGRÁFICO | |
| Nombre geográfico | Tenares (República Dominicana |
| Subdivisión temática general | Vida Social Y Costumbres |
| 700 1# - ASIENTO SECUNDARIO -- NOMBRE PERSONAL | |
| Nombre personal | Carreras Aguilera, Pedro |
| Títulos u otras palabras asociadas con el nombre | Pról. |
| 910 ## - VALIDACIÓN | |
| Validación | VMateo |
| 942 ## - ADDED ENTRY ELEMENTS (KOHA) | |
| Source of classification or shelving scheme | Dewey Decimal Classification |
| Koha item type | Libros |
| Withdrawn status | Lost status | Source of classification or shelving scheme | Damaged status | Not for loan | Collection code | Home library | Current library | Date acquired | Source of acquisition | Full call number | Barcode | Date last seen | Price effective from | Koha item type | Copy number |
|---|---|---|---|---|---|---|---|---|---|---|---|---|---|---|---|
| Dewey Decimal Classification | Colección Dominicana | Biblioteca Pública Metropolitana Salomé Ureña | Biblioteca Pública Metropolitana Salomé Ureña | 05/06/2021 | Andrés Gabino | BPMSU CD 972.93697 G113h 2013 | BPMSU21050011 | 05/06/2021 | 05/06/2021 | Libros | |||||
| Dewey Decimal Classification | Colección Dominicana | Biblioteca Pública Metropolitana Salomé Ureña | Biblioteca Pública Metropolitana Salomé Ureña | 05/06/2021 | Andrés Gabino | BPMSU CD 972.93697 G113h 2013 | BPMSU21090071 | 09/16/2021 | 05/06/2021 | Libros | e.2 |